Amar Nyaypalika (Record no. 787)
[ view plain ]
| 000 -LEADER | |
|---|---|
| fixed length control field | 00523cam a2200205ua 4500 |
| 008 - FIXED-LENGTH DATA ELEMENTS--GENERAL INFORMATION | |
| fixed length control field | 110421n ii |||gr||||Z||||||asm |
| 020 ## - INTERNATIONAL STANDARD BOOK NUMBER | |
| International Standard Book Number | 81-237-2560-4 |
| 040 ## - CATALOGING SOURCE | |
| Transcribing agency | MAIN |
| 082 ## - DEWEY DECIMAL CLASSIFICATION NUMBER | |
| Classification number | 347.54 |
| 245 10 - TITLE STATEMENT | |
| Title | Amar Nyaypalika |
| Statement of responsibility, etc. | by B.R.Agarwala |
| 250 ## - EDITION STATEMENT | |
| Remainder of edition statement | Translated by Gaurishankar Bhattacharya. |
| 260 ## - PUBLICATION, DISTRIBUTION, ETC. | |
| Place of publication, distribution, etc. | New Delhi: |
| Name of publisher, distributor, etc. | NBT, India,999. |
| 300 ## - PHYSICAL DESCRIPTION | |
| Extent | x, 178p.: |
| Dimensions | 8cm. |
| 700 1# - ADDED ENTRY--PERSONAL NAME | |
| Personal name | Agarwala, B.R., |
| Relator term | |
| 942 ## - ADDED ENTRY ELEMENTS (KOHA) | |
| Koha item type | Books |
| 653 ## - INDEX TERM--UNCONTROLLED | |
| Uncontrolled term | Law |
| 653 ## - INDEX TERM--UNCONTROLLED | |
| Uncontrolled term | Civil procedure and courts |
| 653 ## - INDEX TERM--UNCONTROLLED | |
| Uncontrolled term | Judiciary |
| Withdrawn status | Lost status | Damaged status | Not for loan | Home library | Current library | Shelving location | Date acquired | Total Checkouts | Full call number | Barcode | Date last seen | Copy number | Price effective from | Koha item type |
|---|---|---|---|---|---|---|---|---|---|---|---|---|---|---|
| Central Library, Naharkatiya College | Central Library, Naharkatiya College | 19/09/2020 | 347.54 | AGA | 16218 | 19/09/2020 | 1 | 19/09/2020 | Books |
